000 00391 a2200157 4500
001 63934
020 _a853261292X (broch.)
040 _cAnchieta - Pituba
100 _aMatos, Henrique Cristiano José
240 1 0 _aAprenda a estudar
_lpor
245 1 0 _aAprenda a estudar
300 _a102p.
362 0 _a2001
650 4 _aEscola e suas atividades; Educação especial
942 _cBK
999 _c63934
_d63934